000 00307nam a22001217a 4500
008 160519b xxu||||| |||| 00| 0 eng d
020 _a9780781770224
020 _a078177022X
041 _aeng
080 _a577
245 _aBasic medical biochemistry;
_cMichael Lieberman; Allan D. Marks;
942 _2udc
_cBK
999 _c2226
_d2226